000 00523nam a22001697a 4500
005 20251108165230.0
008 250721s1988 xx 000 0 ara d
082 1 4 _a822.33/شكس
100 1 _aشكسبير، وليم
245 1 0 _aتاجر البندقية /
264 1 _aالقاهرة :
_bالهيئة المصرية العامة للكتاب،
_c1988.
300 _a233ص
650 1 7 _aالمسرحيات الإنجليزية
700 1 _aعناني، محمد
_eترجمة
942 _2ddc
_cBK
999 _c22768
_d22768